Statistics for NASCAR Cup "Champions" if the Playoffs Never Existed

Click here to take the quiz!

General Stats

  • This quiz has been taken 209 times
    (85 since last reset)
  • The average score is 19 of 20

Answer Stats

YearActual ChampionDriver Who Accumulated the Most Points Without the Playoff Reset% Correct
2006Jimmie JohnsonJimmie Johnson
97%
2009Jimmie JohnsonJimmie Johnson
97%
2013Jimmie JohnsonJimmie Johnson
97%
2015Kyle BuschKevin Harvick
97%
2020Chase ElliottKevin Harvick
97%
2010Jimmie JohnsonKevin Harvick
97%
2016Jimmie JohnsonKevin Harvick
97%
2019Kyle BuschKyle Busch
96%
2018Joey LoganoKyle Busch
96%
2017Martin Truex, Jr.Martin Truex, Jr.
96%
2004Kurt BuschJeff Gordon
93%
2014Kevin HarvickJeff Gordon
93%
2007Jimmie JohnsonJeff Gordon
93%
2021Kyle LarsonKyle Larson
93%
2012Brad KeselowskiBrad Keselowski
92%
2022Joey LoganoChase Elliott
90%
2005Tony StewartTony Stewart
89%
2023Ryan BlaneyWilliam Byron
89%
2011Tony StewartCarl Edwards
88%
2008Jimmie JohnsonCarl Edwards
88%

Score Distribution

Percentile by Number Answered

Percent of People with Each Score

Your Score History

You have not taken this quiz since the last reset